| 000 | 00791nam a2200241 a 4500 | ||
|---|---|---|---|
| 001 | 000045685 | ||
| 005 | 20240409073826.0 | ||
| 008 | 150427s2009 mx a 000 j spa d | ||
| 020 | _a9786077666110 | ||
| 040 |
_aDO-SdBNP _bspa _cBNPHU |
||
| 082 |
_aRD863.5 _bC965c |
||
| 245 | 0 | 0 |
_aCuentos clásicos infantiles / _ccompilador Alberto Almaraz. |
| 260 |
_aMéxic, D.F. : _bEdiciones Leyenda, _c2009. |
||
| 300 |
_a90 p. : _bil. ; _c21 cm. |
||
| 490 | 1 | _aNuestro tiempo | |
| 590 | _aInventariado, 2019/MFF | ||
| 650 | 0 |
_aCuentos infantiles dominicanos _9505 |
|
| 650 | 4 |
_aLiteratura infantil dominicana _9441 |
|
| 650 | 4 |
_aLibros infantiles _vCOLECCIONES _973741 |
|
| 700 | 1 | 2 |
_aAlberto Almaraz _ecomp. _973742 |
| 830 | 0 |
_aNuestro tiempo _973743 |
|
| 910 | _aValidado. Control de calidad MFF | ||
| 999 |
_c45174 _d45174 |
||